El Jeneral don Frai José Félix Aldao, o sea, el Fraile Aldao

Tallennettuna:
Bibliografiset tiedot
Päätekijä: Vera, Robustiano (Tekijä)
Aineistotyyppi: Kirja
Kieli:espanja
Julkaistu: Santiago Imprenta de La República, de J. Núñez 1882
Painos:1a. ed
Aiheet:
Tagit: Lisää tagi
Ei tageja, Lisää ensimmäinen tagi!

MARC

LEADER 00000nam a2200000 a 4500
001 UCJ4210
003 CL-VaPUC
008 070124e18821100CL |||||||||||||||||spa|d
082 0 4 |a 923  |b ALD  |2 21 
100 0 |a Vera, Robustiano  |e author  |9 507425 
245 1 3 |a El Jeneral don Frai José Félix Aldao, o sea, el Fraile Aldao 
250 |a 1a. ed 
300 |a xxx, 125 p 
942 |c BK 
945 |d 20070124 00:00:00  |a rinostro 
260 |a Santiago  |b Imprenta de La República, de J. Núñez  |c 1882 
500 |a Retrato de José F. Aldao 
600 0 7 |a ALDAO, JOSE FELIX  |2 CL-VaPUC  |9 476692 
600 0 7 |a EL INDEPENDIENTE  |2 CL-VaPUC  |9 507426 
600 0 7 |a GONZALEZ Y GONZALEZ, RICARDO  |2 CL-VaPUC  |9 507427 
650 7 |a BIOGRAFIA  |2 CL-VaPUC  |9 504622 
650 7 |a CAUDILLOS  |2 CL-VaPUC  |9 406764 
650 7 |a CRIMENES POLITICOS  |2 CL-VaPUC  |9 319844 
650 0 |a Dictadores   |9 257742 
650 0 |a Guerra civil  |9 320243 
650 0 |a Iconografía   |9 267998 
650 0 |a Crítica literaria   |9 269189 
650 0 |a Prensa y periodismo   |z Chile  |9 504409 
650 7 |a BIBLIOGRAFIA  |2 CL-VaPUC  |9 256175 
650 7 |a DOCUMENTOS  |2 CL-VaPUC  |9 366450 
583 |a last modification  |c 20070124 00:00:00  |k Rodrigo Vera 
999 |c 320327  |d 320325 
952 |0 0  |1 0  |4 0  |6 923_000000000000000_ALD_1882  |7 0  |8 X  |9 398828  |a FDOBUD  |b FDOBUD  |d 2019-11-22  |i 1015303  |o 923 ALD 1882  |p 1015303  |r 2019-11-22  |w 2019-11-22  |y BK_X  |k BUD